| 000 | 00450nam a2200169Ia 4500 | ||
|---|---|---|---|
| 005 | 20250423101129.0 | ||
| 008 | 250422s9999 xx 000 0 und d | ||
| 020 | _a0- 07- 014972-0 | ||
| 050 | _aLB 2805 .C865/ | ||
| 100 | _aPhilip A. Cusick | ||
| 245 | 0 | _aTh educational system: its nature and logic | |
| 260 | _bMCGraw- Hill | ||
| 260 | _c1992 | ||
| 300 | _a244 p | ||
| 650 | _aSchool management and organization- United states | ||
| 942 | _cBK | ||
| 999 |
_c35380 _d35380 |
||